00301nam a2200109Ia 4500008004100000020002200041082000800063100001100071245005000082260004900132300001000181250526s9999 xx 000 0 und d a9789991586021qPB aZAA aZaahee 0aFuraavaru: evvanabai :falhugein fenunu qaburu a"Male', Maldives"bDhagatha Publishersc2014 a170p.